Country Flags But United Kingdom - Statistics

General Stats
  • This quiz has been taken 71 times
  • The average score is 12 of 16
Answer Stats
Picture Answer % Correct
South Korea
99%
Brazil
97%
Ireland/Ivory Coast
94%
Jamaica
90%
Sri Lanka
90%
Estonia
85%
Norway
82%
Germany
81%
Brunei
79%
Italy
73%
Suriname
70%
Tanzania
69%
Venezuela
64%
Poland
63%
Sierra Leone
57%
Yemen
54%
No matching quizzes found
Score Distribution
Percent of People with Each Score
Percentile by Number Answered
Your Score History
You have not taken this quiz